|
|
|
|
| LEADER |
03030nam a2200493 4500 |
| 001 |
978-3-030-18638-8 |
| 003 |
DE-He213 |
| 005 |
20191025002815.0 |
| 007 |
cr nn 008mamaa |
| 008 |
191008s2019 gw | s |||| 0|eng d |
| 020 |
|
|
|a 9783030186388
|9 978-3-030-18638-8
|
| 024 |
7 |
|
|a 10.1007/978-3-030-18638-8
|2 doi
|
| 040 |
|
|
|d GrThAP
|
| 050 |
|
4 |
|a QA564-609
|
| 072 |
|
7 |
|a PBMW
|2 bicssc
|
| 072 |
|
7 |
|a MAT012010
|2 bisacsh
|
| 072 |
|
7 |
|a PBMW
|2 thema
|
| 082 |
0 |
4 |
|a 516.35
|2 23
|
| 245 |
1 |
0 |
|a Birational Geometry of Hypersurfaces
|h [electronic resource] :
|b Gargnano del Garda, Italy, 2018 /
|c edited by Andreas Hochenegger, Manfred Lehn, Paolo Stellari.
|
| 250 |
|
|
|a 1st ed. 2019.
|
| 264 |
|
1 |
|a Cham :
|b Springer International Publishing :
|b Imprint: Springer,
|c 2019.
|
| 300 |
|
|
|a IX, 297 p. 36 illus.
|b online resource.
|
| 336 |
|
|
|a text
|b txt
|2 rdacontent
|
| 337 |
|
|
|a computer
|b c
|2 rdamedia
|
| 338 |
|
|
|a online resource
|b cr
|2 rdacarrier
|
| 347 |
|
|
|a text file
|b PDF
|2 rda
|
| 490 |
1 |
|
|a Lecture Notes of the Unione Matematica Italiana,
|x 1862-9113 ;
|v 26
|
| 520 |
|
|
|a Originating from the School on Birational Geometry of Hypersurfaces, this volume focuses on the notion of (stable) rationality of projective varieties and, more specifically, hypersurfaces in projective spaces, and provides a large number of open questions, techniques and spectacular results. The aim of the school was to shed light on this vast area of research by concentrating on two main aspects: (1) Approaches focusing on (stable) rationality using deformation theory and Chow-theoretic tools like decomposition of the diagonal; (2) The connection between K3 surfaces, hyperkähler geometry and cubic fourfolds, which has both a Hodge-theoretic and a homological side. Featuring the beautiful lectures given at the school by Jean-Louis Colliot-Thélène, Daniel Huybrechts, Emanuele Macrì, and Claire Voisin, the volume also includes additional notes by János Kollár and an appendix by Andreas Hochenegger. .
|
| 650 |
|
0 |
|a Algebraic geometry.
|
| 650 |
|
0 |
|a Category theory (Mathematics).
|
| 650 |
|
0 |
|a Homological algebra.
|
| 650 |
1 |
4 |
|a Algebraic Geometry.
|0 http://scigraph.springernature.com/things/product-market-codes/M11019
|
| 650 |
2 |
4 |
|a Category Theory, Homological Algebra.
|0 http://scigraph.springernature.com/things/product-market-codes/M11035
|
| 700 |
1 |
|
|a Hochenegger, Andreas.
|e editor.
|4 edt
|4 http://id.loc.gov/vocabulary/relators/edt
|
| 700 |
1 |
|
|a Lehn, Manfred.
|e editor.
|4 edt
|4 http://id.loc.gov/vocabulary/relators/edt
|
| 700 |
1 |
|
|a Stellari, Paolo.
|e editor.
|4 edt
|4 http://id.loc.gov/vocabulary/relators/edt
|
| 710 |
2 |
|
|a SpringerLink (Online service)
|
| 773 |
0 |
|
|t Springer eBooks
|
| 776 |
0 |
8 |
|i Printed edition:
|z 9783030186371
|
| 776 |
0 |
8 |
|i Printed edition:
|z 9783030186395
|
| 830 |
|
0 |
|a Lecture Notes of the Unione Matematica Italiana,
|x 1862-9113 ;
|v 26
|
| 856 |
4 |
0 |
|u https://doi.org/10.1007/978-3-030-18638-8
|z Full Text via HEAL-Link
|
| 912 |
|
|
|a ZDB-2-SMA
|
| 950 |
|
|
|a Mathematics and Statistics (Springer-11649)
|